000 00746cab a2200229 4500
001 WB3344-31
008 090401t1997 xxu||||| |||| 00| 0 eng d
035 _a(Sirsi) u82026
041 _aeng
245 _aNew agency
260 _c1997
350 _a0
490 _aPlanning (for the Natural and Built Environment)
_v(1243) 7 November 1997, 3(1)
520 _aThe Groundwork Trust is to launch a national agency to support derelict land restoration schemes for local communities. The new body will be based on similar principles to the National Trust.
650 _aCONTAMINATED LAND
650 _aDERELICT LAND
650 _aGROUNDWORK TRUST
650 _aLAND RESTORATION
690 _aLAND
942 _n0
948 _c12/11/1997
999 _c51725
_d51725